000 00539nam a22001817a 4500
005 20241127155244.0
010 _aENG-142660
020 _a9789350571996
_c250.00
035 _aEN-126192
037 _bDBAD
082 _a133.6
100 _aShukla, Ramesh Chandra
_974155
245 _aFace Reading/
_cBy Ramesh Chandra Shukla
260 _aNew Delhi
_bV & S Publishers
_c2019
270 _aF-2/16, Ansari road, Daryaganj, New Delhi
_bNew Delhi
_e110002
300 _a101p.
_c21cm(pb)
942 _2ddc
_cEN
_mSHU
_h133.6
999 _c207092
_d207092